A Rekord-család Bővül az "expressz étlap" : Delikát 8. : Tyúkmáj dobozban /
Elmentve itt :
| Szerző: | |
|---|---|
| Dokumentumtípus: | Cikk |
| Megjelent: |
1968-06-01
|
| Sorozat: | Délmagyarország
58 No. 127 |
| Kulcsszavak: | Gregus Ákos, Papy Béla, Paprikafeldolgozó Vállalat, Élelmiszeripar Szeged 1968 |
| Online Access: | http://dmarchiv.bibl.u-szeged.hu/65983 |
| LEADER | 00571nab a2200157 i 4500 | ||
|---|---|---|---|
| 001 | delm65983 | ||
| 005 | 20180927151303.0 | ||
| 008 | 180927s1968 hu o 0|| hun d | ||
| 040 | |a SZTE Délmagyarország Archívum |b hun | ||
| 041 | |a hun | ||
| 100 | 1 | |a Simai Mihály | |
| 245 | 1 | 2 | |a A Rekord-család |h [elektronikus dokumentum] : |b Bővül az "expressz étlap" : Delikát 8. : Tyúkmáj dobozban / |c Simai Mihály |
| 260 | |c 1968-06-01 | ||
| 300 | |a 5 | ||
| 490 | 0 | |a Délmagyarország |v 58 No. 127 | |
| 695 | |a Gregus Ákos, Papy Béla, Paprikafeldolgozó Vállalat, Élelmiszeripar Szeged 1968 | ||